| Tag |
First Indicator |
Second Indicator |
Subfields |
| LEADER |
00000cam a2200000 a 4500 |
| 001 |
in00000965166 |
| 005 |
20150927071514.0 |
| 007 |
hd afv|||baca |
| 008 |
851022s1680 miu a 00010 eng d |
| 035 |
|
|
|a (OCoLC)12703100
|
| 035 |
|
|
|9 AEU9753AM
|
| 037 |
|
|
|a CL0037000020
|b UMI
|
| 037 |
|
|
|b University Microfilms International, 300 N. Zeeb Road, Ann Arbor, MI 48106.
|
| 040 |
|
|
|a EAA
|c EAA
|d m/c
|d UtOrBLW
|
| 043 |
|
|
|a e-uk-en
|
| 049 |
|
|
|a TXAI
|
| 099 |
|
|
|a film
|a B
|a 3609
|
| 100 |
1 |
|
|a Croft, Herbert,
|d 1603-1691.
|
| 245 |
1 |
0 |
|a Naked truth, the first part, or, The true state of the primitive church /
|c by an humble moderator.
|
| 264 |
|
1 |
|a [London] :
|b [publisher not identified],
|c 1680.
|
| 300 |
|
|
|a 4 unnumbered pages, 32 pages
|
| 336 |
|
|
|a text
|b txt
|2 rdacontent
|
| 337 |
|
|
|a microform
|b h
|2 rdamedia
|
| 338 |
|
|
|a microfilm reel
|b hd
|2 rdacarrier
|
| 500 |
|
|
|a Attributed to Herbert Croft. Cf. Halkett & Laing (2nd edition).
|
| 500 |
|
|
|a Reproduction of original in Huntington Library.
|
| 510 |
4 |
|
|a Wing
|c C6971
|
| 533 |
|
|
|a Microfilm.
|b Ann Arbor, Mich. :
|c University Microfilms,
|d 1977.
|e 1 microfilm reel. 35 mm.
|f (Early English books, 1641-1700 ; 686:8)
|
| 500 |
|
|
|a Microform.
|
| 610 |
2 |
0 |
|a Church of England
|x Controversial literature.
|
| 650 |
|
0 |
|a Dissenters, Religious
|z England.
|
| 740 |
4 |
|
|a The true state of the primitive church.
|
| 830 |
|
0 |
|a Early English books, 1641-1700 ;
|v 686:8.
|
| 999 |
|
|
|a MARS
|
| 999 |
f |
f |
|s 7402b0ef-d510-39a2-a0d0-a33d426c0669
|i 108f1e4d-3645-3f4b-967c-9bf32467bce3
|t 0
|
| 952 |
f |
f |
|p default
|a Texas A&M University
|b College Station
|c Sterling C. Evans Library
|d Evans: Microforms (3rd floor)
|t 0
|e film B 3609 686:8
|h Other scheme
|i microform -- microfilm reel
|
| 998 |
f |
f |
|a film B 3609 686:8
|t 0
|l Evans: Microforms (3rd floor)
|